Sociální a hospodářská politika - jejich vzájemné vazby a souvislosti.
Nedostatky väzieb medzi sociálnou a hospodárskou politikou v minulosti. Účinná sociálna politika vyžaduje existenciu výkonnej ekonomiky umožňujúcej realizáciu sociálnych programov. Charakteristika historických etáp sociálnej orientácie hospodárskej politiky. Súčasná koncepcia sociálnej politiky.
Enregistré dans:
| Auteur principal: | |
|---|---|
| Format: | Chapitre de livre |
| Langue: | tchèque |
| Sujets: | |
| Tags: |
Pas de tags, Soyez le premier à ajouter un tag!
|
MARC
| LEADER | 00000naa a2200000 4500 | ||
|---|---|---|---|
| 001 | r009360 | ||
| 005 | 20220831090548.9 | ||
| 041 | 0 | |a cze | |
| 044 | |a [CS] | ||
| 245 | 1 | 0 | |a Sociální a hospodářská politika - jejich vzájemné vazby a souvislosti. |c L. Průša |
| 520 | |a Nedostatky väzieb medzi sociálnou a hospodárskou politikou v minulosti. Účinná sociálna politika vyžaduje existenciu výkonnej ekonomiky umožňujúcej realizáciu sociálnych programov. Charakteristika historických etáp sociálnej orientácie hospodárskej politiky. Súčasná koncepcia sociálnej politiky. | ||
| 610 | 2 | 0 | |a politika sociálna |
| 610 | 2 | 0 | |a politika hospodárska |
| 610 | 2 | 0 | |a programy sociálne |
| 610 | 2 | 0 | |a ČSFR |
| 610 | 2 | 0 | |a rozvoj sociálno-ekonomický |
| 100 | 1 | |a Průša, Ladislav | |